UITU Library & LRC     

Management Information Systems : managing the digital firm (Record no. 26072)

MARC details
000 -LEADER
fixed length control field 00437nam a2200169Ia 4500
008 - FIXED-LENGTH DATA ELEMENTS--GENERAL INFORMATION
fixed length control field 241115s9999 xx 000 0 und d
020 ## - INTERNATIONAL STANDARD BOOK NUMBER
International Standard Book Number 8177589415
082 ## - DEWEY DECIMAL CLASSIFICATION NUMBER
Classification number 658.4038 LAU
100 ## - MAIN ENTRY--PERSONAL NAME
Personal name Laudon, Kenneth C.
245 #0 - TITLE STATEMENT
Title Management Information Systems : managing the digital firm
250 ## - EDITION STATEMENT
Edition statement 9th ed.
260 ## - PUBLICATION, DISTRIBUTION, ETC.
Place of publication, distribution, etc. New Dehli:
Name of publisher, distributor, etc. Pearson
Date of publication, distribution, etc. 2002.
300 ## - PHYSICAL DESCRIPTION
Extent 613p.
600 ## - SUBJECT ADDED ENTRY--PERSONAL NAME
Personal name Management
650 ## - SUBJECT ADDED ENTRY--TOPICAL TERM
Topical term or geographic name entry element Management
942 ## - ADDED ENTRY ELEMENTS (KOHA)
Koha item type Book Bank Data
Holdings
Withdrawn status Lost status Damaged status Not for loan Collection Home library Current library Date acquired Source of acquisition Cost, normal purchase price Total checkouts Barcode Date last seen Price effective from Koha item type
        BB-Management & Social Sciences UITU Library UITU Library 07/02/2007 F.B.C 182.50   BB1579 11/15/2024   Book Bank Data

Powered by Koha